书目信息 |
| 题名: |
喀斯特生态脆弱区土地利用/覆被变化研究
|
|
| 作者: | 彭建 , 蔡运龙 著 | |
| 分册: | ||
| 出版信息: | 北京 科学出版社 2008.01 |
|
| 页数: | 180页 | |
| 开本: | 24cm | |
| 丛书名: | ||
| 单 册: | ||
| 中图分类: | F321.1 | |
| 科图分类: | ||
| 主题词: | 喀斯特地区--土地利用--研究--西南地区 , 喀斯特地区 , 土地利用 | |
| 电子资源: | ||
| ISBN: | 978-7-03-020490-5 | |
| 000 | 01216nam0 2200277 450 | |
| 001 | 010700051448 | |
| 005 | 20091202085525.56 | |
| 010 | @a978-7-03-020490-5@dCNY38.00 | |
| 100 | @a20080320d2008 em y0chiy0110 ea | |
| 101 | 0 | @achi |
| 102 | @aCN@b110000 | |
| 105 | @aaf z 000yy | |
| 106 | @ar | |
| 200 | 1 | @a喀斯特生态脆弱区土地利用/覆被变化研究@9ka si te sheng tai cui ruo qu tu di li yong / fu bei bian hua yan jiu@e贵州猫跳河流域研究案例@f彭建,蔡运龙著 |
| 210 | @a北京@c科学出版社@d2008.01 | |
| 215 | @a180页@c图,图版(8页)@d24cm | |
| 330 | @a本书以位于贵州中部的猫跳河典型喀斯特流域为对象,以卫星影像为数据源,研究了该地区在过去30年间土地利用/覆被变化的过程、驱动机制,预测了该流域在不同目标情景模式下的土地利用/覆被变化,并运用景观生态学的方法对猫跳河流域过去30年间的土地利用/覆被变化以及未来不同情景模式下的土地利用/覆被变化的生态效应进行了评价。 | |
| 517 | 1 | @a贵州猫跳河流域研究案例@9gui zhou mao tiao he liu yu yan jiu an li |
| 606 | 0 | @a喀斯特地区@x土地利用@x研究@y西南地区 |
| 606 | 0 | @a喀斯特地区 |
| 606 | 0 | @a土地利用 |
| 690 | @aF321.1@v4 | |
| 701 | 0 | @a彭建@9peng jian@4著 |
| 701 | 0 | @a蔡运龙@9cai yun long@4著 |
| 801 | 0 | @aCN@bRENTIAN@c20091202 |
| 905 | @b794515-19@dF321.1@e113@f5 | |
| 喀斯特生态脆弱区土地利用/覆被变化研究:贵州猫跳河流域研究案例/彭建,蔡运龙著.-北京:科学出版社,2008.01 |
| 180页:图,图版(8页);24cm |
| ISBN 978-7-03-020490-5:CNY38.00 |
| 本书以位于贵州中部的猫跳河典型喀斯特流域为对象,以卫星影像为数据源,研究了该地区在过去30年间土地利用/覆被变化的过程、驱动机制,预测了该流域在不同目标情景模式下的土地利用/覆被变化,并运用景观生态学的方法对猫跳河流域过去30年间的土地利用/覆被变化以及未来不同情景模式下的土地利用/覆被变化的生态效应进行了评价。 |
| ● |
| 相关链接 |
|
|
|
|
正题名:喀斯特生态脆弱区土地利用/覆被变化研究
索取号:F321.1/113
 
预约/预借
| 序号 | 登录号 | 条形码 | 馆藏地/架位号 | 状态 | 备注 |
| 1 | 794515 | 207945152 | 第一样本阅览室/ [索取号:F321.1/113] | 在馆 | |
| 2 | 794516 | 207945161 | 第一借阅区/ [索取号:F321.1/113] | 在馆 | |
| 3 | 794517 | 207945170 | 第一借阅区/ [索取号:F321.1/113] | 在馆 | |
| 4 | 794518 | 207945189 | 第一借阅区/ [索取号:F321.1/113] | 在馆 | |
| 5 | 794519 | 207945198 | 密集书库-资源管理系/ [索取号:F321.1/113] | 在馆 |